00434nam a2200121Ia 4500008004100000100002100041245006500062245009300127260003000220260000900250300002700259440002600286170419s9999 xx 000 0 und d aGray, Emily Ann. aDischarge by 11:00am: the significance of discharge planning cEmily Ann Gray, Lawrence Santiago, Mariane Ivy Dimalanta, Jacquelyn Maxton, and Harriet  bJanetti Publications Inc. c2016 aNovember/December 2016 aMedsurg Nursingv25:6